| 000 | 00593nam a2200193 a 4500 | ||
|---|---|---|---|
| 008 | |||
| 049 | _aMAIN | ||
| 100 | 1 | _aMidlands State University. | |
| 245 | 1 | 0 | _aMidlands state university journal of science,agriculture and technology volume 3(10,2012. |
| 260 |
_aGweru : _bMidlands state university, _c2012. |
||
| 300 |
_a127 p. : _bill. : _c24 cm. |
||
| 504 | _aIncludes bibliographical references. | ||
| 700 | _aMasaka.J | ||
| 907 |
_a.b10344743 _b11-07-14 _c11-07-14 |
||
| 003 | |||
| 005 | 20230123122100.0 | ||
| 040 | _cNUST | ||
| 942 | _cBOOKS | ||
| 999 |
_c127488 _d127488 |
||